[Event "24th ch-EUR Indiv 2024"]
[Site "Petrovac MNE"]
[Date "2024.11.11"]
[Round "4.91"]
[White "Gokerkan, Cem Kaan"]
[Black "Unat, Can Haktan"]
[Result "1-0"]
[WhiteTitle "GM"]
[BlackTitle "FM"]
[WhiteElo "2490"]
[BlackElo "2290"]
[WhiteFideId "6336760"]
[BlackFideId "6398073"]
[EventDate "2024.11.08"]

1. d4 Nf6 2. c4 e6 3. Nc3 d5 4. cxd5 exd5 5. Bg5 c6 6. e3 h6 7. Bh4 Bd6 8. Bd3
O-O 9. Nf3 Re8 10. Qc2 a5 11. O-O Na6 12. a3 Bg4 13. Nd2 Bd7 14. Kh1 Nc7 15.
Rae1 Ne6 16. Nf3 Nf8 17. e4 dxe4 18. Nxe4 Be7 19. Nc5 Bc8 20. Bc4 Nd5 21. Bg3
Ne6 22. Ba2 Bf6 23. Ne4 Nxd4 24. Nxf6+ Nxf6 25. Rxe8+ Nxe8 26. Rd1 Bf5 27. Qc5 1-0

[Event "24th ch-EUR Indiv 2024"]
[Site "Petrovac MNE"]
[Date "2024.11.11"]
[Round "4.92"]
[White "Yarar, Bora"]
[Black "Stefansson, Hannes"]
[Result "1-0"]
[WhiteTitle "FM"]
[BlackTitle "GM"]
[WhiteElo "2361"]
[BlackElo "2485"]
[WhiteFideId "34588400"]
[BlackFideId "2300087"]
[EventDate "2024.11.08"]

1. e4 e5 2. Nf3 Nc6 3. d4 exd4 4. Bc4 Nf6 5. e5 d5 6. Bb5 Nd7 7. O-O Be7 8. Bxc6
bxc6 9. Nxd4 Nb8 10. Nc3 c5 11. Ndb5 c6 12. Nd6+ Bxd6 13. exd6 O-O 14. Bf4 Be6
15. Re1 Nd7 16. Qd2 Re8 17. Na4 Qf6 18. Bg5 Qg6 19. Be7 d4 20. f3 Bd5 21. Kh1 a5
22. b3 Qf5 23. c4 Be6 24. Re4 h5 25. Rae1 Reb8 26. h4 Rb4 27. Qd1 Rxa4 28. bxa4
Bxc4 29. Qd2 Bd5 30. Rf4 Qg6 31. Kh2 Be6 32. Rc1 Rb8 33. a3 Rb3 34. Re4 Rxa3 35.
Qxa5 Ra2 36. Qd8+ Kh7 37. Bg5 Bf5 38. Re8 Qxd6+ 39. Kh1 Kg6 40. Rh8 Bh3 41. Rh6+
gxh6 42. Qg8+ Kf5 43. Qxf7+ Nf6 44. Rxc5+ 1-0

[Event "24th ch-EUR Indiv 2024"]
[Site "Petrovac MNE"]
[Date "2024.11.11"]
[Round "4.93"]
[White "Rozen, Eytan"]
[Black "Filip, Andrei"]
[Result "1-0"]
[WhiteTitle "IM"]
[BlackTitle "FM"]
[WhiteElo "2482"]
[BlackElo "2283"]
[WhiteFideId "2816750"]
[BlackFideId "1249452"]
[EventDate "2024.11.08"]

1. d4 Nf6 2. c4 g6 3. Nc3 Bg7 4. e4 d6 5. Nf3 O-O 6. Be3 c5 7. h3 cxd4 8. Nxd4
Nc6 9. Be2 Nxd4 10. Bxd4 Bd7 11. O-O a5 12. Qd2 Bc6 13. Qe3 Nd7 14. Bxg7 Kxg7
15. Qd4+ Kg8 16. Rfc1 Qb6 17. Qxb6 Nxb6 18. Nd5 Bxd5 19. cxd5 Rac8 20. Bg4 f5
21. exf5 Rxc1+ 22. Rxc1 gxf5 23. Be2 Kf7 24. Rc7 Rb8 25. f4 Na4 26. Kf2 Nc5 27.
Bh5+ Kf6 28. g4 h6 29. Ke3 Ra8 30. gxf5 b5 31. Bg6 a4 32. a3 Rb8 33. h4 Nb3 34.
Ra7 Nc5 35. Kd4 Nb3+ 36. Kd3 Nc5+ 37. Ke3 Nb3 38. Bh5 Nc5 39. Rc7 b4 40. Kd4
bxa3 41. bxa3 Kxf5 42. Rxe7 Kxf4 43. Re6 Nb3+ 44. Kc4 Rc8+ 45. Kb5 Nd4+ 46. Kb6
Rb8+ 47. Kc7 Rb3 48. Re8 Rxa3 49. Bg6 Nb5+ 50. Kc6 Nc3 51. Kxd6 Rb3 52. Kc6 a3
53. d6 a2 54. Ra8 Rb8 55. Ra5 Rc8+ 56. Kb7 Rc5 57. Ra8 Rb5+ 58. Kc6 Rb8 59. Ra6
Rb4 60. Bf7 Kg4 61. d7 Rd4 62. Bxa2 Kxh4 63. Be6 Kg5 64. Ra8 Kf6 65. Bh3 h5 66.
d8=Q+ Rxd8 67. Rxd8 Ne2 68. Rd5 Kg6 69. Bf5+ Kf6 70. Bd7 Ng3 71. Kc5 h4 72. Kd4
Ne2+ 73. Ke3 1-0

[Event "24th ch-EUR Indiv 2024"]
[Site "Petrovac MNE"]
[Date "2024.11.11"]
[Round "4.94"]
[White "Feuerstack, Aljoscha"]
[Black "Yeritsyan, Hayk"]
[Result "0-1"]
[WhiteTitle "IM"]
[BlackTitle "FM"]
[WhiteElo "2471"]
[BlackElo "2276"]
[WhiteFideId "4681932"]
[BlackFideId "13307320"]
[EventDate "2024.11.08"]

1. d4 d5 2. c4 e6 3. Nf3 Nf6 4. g3 Be7 5. Bg2 O-O 6. Nc3 Nc6 7. O-O dxc4 8. Qa4
Nb4 9. Qb5 Nc2 10. Rb1 Nxd4 11. Nxd4 Qxd4 12. Be3 Qg4 13. h3 Qh5 14. Qxc4 e5 15.
g4 Bxg4 16. hxg4 Nxg4 17. Rfd1 Qh2+ 18. Kf1 Qh4 19. Qxc7 Bg5 20. Bc5 Rac8 21.
Qxb7 Rxc5 22. Ne4 Rc4 23. Ng3 Nxf2 24. Kxf2 Be3+ 25. Kxe3 Qf4+ 0-1

[Event "24th ch-EUR Indiv 2024"]
[Site "Petrovac MNE"]
[Date "2024.11.11"]
[Round "4.95"]
[White "Bodrogi, Bendeguz"]
[Black "Kjartansson, Gudmundur"]
[Result "1-0"]
[WhiteTitle "FM"]
[BlackTitle "GM"]
[WhiteElo "2358"]
[BlackElo "2470"]
[WhiteFideId "790303"]
[BlackFideId "2301318"]
[EventDate "2024.11.08"]

1. Nf3 Nf6 2. g3 b5 3. Bg2 Bb7 4. d4 e6 5. O-O c5 6. Bg5 cxd4 7. Nxd4 Bxg2 8.
Kxg2 Qb6 9. Bxf6 gxf6 10. e4 Nc6 11. c3 h5 12. h4 Bc5 13. Nb3 Ke7 14. N1d2 Rag8
15. a4 Bd6 16. Qe2 a6 17. axb5 axb5 18. Nf3 Rg4 19. Nbd4 Rb8 20. Rfd1 Qb7 21.
Nh2 Rgg8 22. Nxc6+ Qxc6 23. Rd3 Bc5 24. Rad1 Rb7 25. Rd5 Bxf2 26. Rd6 Qxd6 27.
Rxd6 Bxg3 28. Rd1 b4 29. c4 b3 30. Kh1 Bxh4 31. Qxh5 Bg5 32. e5 Rbb8 33. exf6+
Bxf6 34. Qc5+ Ke8 35. Qc7 Rd8 36. c5 Rg5 37. Nf3 Rf5 38. Kg2 Bxb2 39. c6 Rd5 40.
Rxd5 exd5 41. Ne5 Ke7 42. Nxd7 Rg8+ 43. Kf3 Bd4 44. Ne5+ Ke6 45. Qxf7+ Kxe5 46.
Qxg8 b2 47. Qb8+ 1-0

[Event "24th ch-EUR Indiv 2024"]
[Site "Petrovac MNE"]
[Date "2024.11.11"]
[Round "4.96"]
[White "Akbas, Umut Ata"]
[Black "Zherebtsova, Alexandra"]
[Result "1-0"]
[WhiteTitle "IM"]
[BlackTitle "FM"]
[WhiteElo "2466"]
[BlackElo "2268"]
[WhiteFideId "44572646"]
[BlackFideId "24129518"]
[EventDate "2024.11.08"]

1. e4 e5 2. Nf3 Nc6 3. Bb5 a6 4. Ba4 Nf6 5. O-O Be7 6. Re1 b5 7. Bb3 O-O 8. c3
d5 9. exd5 Nxd5 10. Nxe5 Nxe5 11. Rxe5 c6 12. d3 Bd6 13. Re1 Bf5 14. Qf3 Qh4 15.
g3 Qh3 16. Be3 Bxd3 17. Nd2 Qf5 18. Bd4 Rfe8 19. Kg2 h6 20. a4 Rac8 21. Qxf5
Bxf5 22. Rxe8+ Rxe8 23. axb5 axb5 24. Ra6 Ne7 25. f3 Bc8 26. Ra7 c5 27. Bf2 c4
28. Bd1 Nc6 29. Ra1 Ne5 30. Ne4 Bf8 31. Bd4 Nd3 32. b4 f5 33. Nf2 Ne1+ 34. Kf1
Bb7 35. Ra5 Bc6 36. f4 Bg2+ 37. Kg1 Bc6 38. Be5 Rd8 39. Kf1 Nd3 40. Nxd3 cxd3
41. Ke1 Bd6 42. Bxd6 Rxd6 43. Bb3+ Kf8 44. Kd2 Ke7 45. Ra7+ Kf6 46. Ra6 Ke7 47.
Ba2 g5 48. Bb1 gxf4 49. gxf4 Kd7 50. Bxd3 Kc7 51. Ke3 Re6+ 52. Kf2 Rg6 53. Ra7+
Kb6 54. Rf7 Rg2+ 55. Ke3 Rxh2 56. Rxf5 h5 57. Rf6 Kc7 58. Rh6 h4 59. Kd4 Bd7 60.
Kc5 Rh3 61. Bxb5 Rxc3+ 62. Kd4 Rb3 63. Kc4 Rf3 64. Rxh4 Be6+ 65. Kd4 Rb3 66. Ke5
Rxb4 67. Kxe6 Rxb5 68. f5 Rb6+ 69. Ke7 Rb7 70. Rc4+ Kb6+ 71. Ke6 1-0

[Event "24th ch-EUR Indiv 2024"]
[Site "Petrovac MNE"]
[Date "2024.11.11"]
[Round "4.97"]
[White "Zanan, Evgeny"]
[Black "Petrovic, Aleksa"]
[Result "1-0"]
[WhiteTitle "GM"]
[BlackTitle "FM"]
[WhiteElo "2463"]
[BlackElo "2262"]
[WhiteFideId "24101940"]
[BlackFideId "967629"]
[EventDate "2024.11.08"]

1. e4 e5 2. Nf3 Nf6 3. Nxe5 Nxe4 4. Qe2 Qe7 5. Qxe4 d6 6. d4 dxe5 7. dxe5 Nc6 8.
Nc3 Qxe5 9. Qxe5+ Nxe5 10. Nb5 Bb4+ 11. Bd2 Bxd2+ 12. Kxd2 Kd8 13. f4 Ng4 14.
Bc4 a6 15. Nc3 Be6 16. Bxe6 fxe6 17. Rae1 Kd7 18. h3 Nf6 19. g4 Rhf8 20. Re5 Rf7
21. Rhe1 Re8 22. R1e3 c6 23. a4 b5 24. b4 h5 25. axb5 axb5 26. gxh5 Rh8 27. Ne4
Nxe4+ 28. R3xe4 Rh6 29. Rd4+ Kc7 30. Rg5 Rhf6 31. Ke3 Rf5 32. Re4 Kd6 33. h4 Rd5
34. Rg6 Re7 35. h6 gxh6 36. Rxh6 c5 37. Rh8 Kc7 38. Re5 cxb4 39. h5 Rd1 40. h6
Re1+ 41. Kd2 Rh1 42. Rxb5 Rd7+ 43. Ke3 Rdd1 44. h7 Rd7 45. Ra5 Kb6 46. Re5 Rhxh7
47. Rxe6+ Kc5 48. Rc8+ Rc7 49. Rxc7+ Rxc7 50. Re4 Kd5 51. Rd4+ Kc5 52. f5 Rf7
53. Rf4 Rf6 54. Ke4 Kd6 55. Kd4 Ke7 56. Kc5 1-0

[Event "24th ch-EUR Indiv 2024"]
[Site "Petrovac MNE"]
[Date "2024.11.11"]
[Round "4.98"]
[White "Fruebing, Stefan"]
[Black "Kilic, Eray"]
[Result "0-1"]
[WhiteTitle "IM"]
[BlackTitle "IM"]
[WhiteElo "2336"]
[BlackElo "2442"]
[WhiteFideId "4682165"]
[BlackFideId "44517173"]
[EventDate "2024.11.08"]

1. e4 c5 2. Nf3 d6 3. c3 Nf6 4. h3 Nc6 5. Bd3 g5 6. Bc2 g4 7. hxg4 Bxg4 8. d4
Qc7 9. Be3 O-O-O 10. Nbd2 e6 11. a3 Kb8 12. Rc1 h5 13. Qe2 Rg8 14. b4 Be7 15.
Nb3 c4 16. Nbd2 d5 17. e5 Nd7 18. Bf4 Nf8 19. Qe3 Ng6 20. Bg3 Rdf8 21. Nh4 Qd8
22. Ndf3 Ka8 23. Rh2 Bxf3 24. Nxf3 h4 25. Bf4 Nxf4 26. Qxf4 f6 27. Qe3 fxe5 28.
dxe5 Qc7 29. Kf1 Rg4 30. Re1 Rgf4 31. Rh3 Bd8 32. Qc5 Qc8 33. a4 Bb6 34. Qb5 Bc7
35. Rxh4 Rxh4 36. Nxh4 Nxe5 37. Ng6 Nxg6 38. Bxg6 Bg3 39. Re2 Rh8 40. Re3 Bf4
41. Rh3 Rd8 42. a5 a6 43. Qa4 e5 44. f3 Qe6 45. Bb1 e4 46. Qd1 exf3 47. Rxf3 Rh8
48. Qe2 Rh1+ 49. Kf2 Qf6 50. Qe8+ Ka7 51. g3 Bxg3+ 52. Kg2 Rh2+ 53. Kxg3 Qh4# 0-1

[Event "24th ch-EUR Indiv 2024"]
[Site "Petrovac MNE"]
[Date "2024.11.11"]
[Round "4.99"]
[White "Sanikidze, Tornike"]
[Black "Valiyev, Shahin"]
[Result "1/2-1/2"]
[WhiteTitle "GM"]
[BlackTitle "FM"]
[WhiteElo "2437"]
[BlackElo "2260"]
[WhiteFideId "13602608"]
[BlackFideId "13424203"]
[EventDate "2024.11.08"]

1. Nf3 d5 2. g3 Bg4 3. Bg2 c6 4. O-O Nd7 5. d3 e6 6. h3 Bh5 7. e4 Bd6 8. Re1 Ne7
9. Nbd2 O-O 10. b3 Be5 11. Rb1 Bc3 12. Bb2 Bxf3 13. Bxf3 Qa5 14. Bxc3 Qxc3 15.
Bg2 a5 16. Nf3 b5 17. d4 dxe4 18. Ng5 Nf6 19. Re3 Qb4 20. c3 Qa3 21. Nxe4 Nxe4
22. Bxe4 Qxa2 23. c4 bxc4 24. Ra1 Qb2 25. Rb1 Qa3 26. b4 c3 27. Bxh7+ Kxh7 28.
Qc2+ Ng6 29. Rxc3 axb4 30. Rxa3 bxa3 31. h4 Ra5 32. h5 Rxh5 33. Qa4 Rd5 34. Qxa3
Rxd4 35. Kg2 Rd5 36. Rc1 c5 1/2-1/2

[Event "24th ch-EUR Indiv 2024"]
[Site "Petrovac MNE"]
[Date "2024.11.11"]
[Round "4.100"]
[White "Mouhamad, Joachim"]
[Black "Celik, Hasan Huseyin"]
[Result "0-1"]
[WhiteTitle "FM"]
[BlackTitle "IM"]
[WhiteElo "2273"]
[BlackElo "2431"]
[WhiteFideId "656410"]
[BlackFideId "44506759"]
[EventDate "2024.11.08"]

1. e4 c5 2. Nf3 d6 3. d4 cxd4 4. Nxd4 Nf6 5. Nc3 a6 6. f3 e5 7. Nb3 Be6 8. Be3
h5 9. Qd2 Nbd7 10. Nd5 Bxd5 11. exd5 g6 12. Be2 Bg7 13. O-O b6 14. c4 a5 15.
Rab1 O-O 16. Na1 e4 17. f4 Ng4 18. Bxg4 hxg4 19. Nc2 Nc5 20. f5 Nd3 21. Nd4 Qh4
22. Nc6 Kh7 23. Bg5 Qh5 24. f6 Bh8 25. Qe3 Rfe8 26. b3 a4 27. bxa4 Ne5 28. Rb4
Rac8 29. a5 Nf3+ 30. gxf3 exf3 31. Ne7 bxa5 32. Ra4 Rb8 33. h4 Rb2 34. c5 Rg2+
35. Kh1 Rb8 36. Rg1 g3 37. Rxg2 f2 38. Rxf2 gxf2 39. Rf4 Qd1+ 40. Kg2 Qg1+ 41.
Kh3 f1=Q+ 42. Rxf1 Qxf1+ 43. Kg3 Rb2 0-1

[Event "24th ch-EUR Indiv 2024"]
[Site "Petrovac MNE"]
[Date "2024.11.11"]
[Round "4.101"]
[White "Licznerski, Lukasz"]
[Black "Vasynda, Oleksandr"]
[Result "1-0"]
[WhiteTitle "IM"]
[BlackTitle "FM"]
[WhiteElo "2422"]
[BlackElo "2257"]
[WhiteFideId "1179250"]
[BlackFideId "14176297"]
[EventDate "2024.11.08"]

1. e4 c5 2. Nf3 Nc6 3. d4 cxd4 4. Nxd4 g6 5. c4 d6 6. Nc3 Nf6 7. Be2 Nxd4 8.
Qxd4 Bg7 9. Be3 O-O 10. Qd2 Be6 11. O-O Qa5 12. Rfc1 Rfc8 13. b3 a6 14. Rab1 Qb4
15. Rc2 b5 16. Qc1 Rab8 17. a3 Qa5 18. b4 Qc7 19. c5 Qc6 20. Bf3 Nd7 21. Nd5 Bf8
22. Bh6 dxc5 23. Bxf8 Kxf8 24. Qh6+ Ke8 25. bxc5 Nxc5 26. Rbc1 Qd6 27. Qxh7 Bxd5
28. exd5 f5 29. h4 Kd7 30. h5 Rh8 31. Qxg6 Qxg6 32. hxg6 Nd3 33. Rc7+ Kd8 34.
R1c3 Ne5 35. d6 Nxg6 36. Ra7 exd6 37. Rc6 Ke8 38. Rxd6 Ne7 39. Re6 Rh7 40. Rexa6
Rc8 41. Ra8 Kd8 42. Bc6 Nxc6 43. Rxc8+ Kxc8 44. Rxc6+ Kd7 45. Rb6 Rh4 46. Rxb5
Ke6 47. Rb4 1-0

[Event "24th ch-EUR Indiv 2024"]
[Site "Petrovac MNE"]
[Date "2024.11.11"]
[Round "4.102"]
[White "Travadon, Loic"]
[Black "Gal, Andrej"]
[Result "1-0"]
[WhiteTitle "IM"]
[BlackTitle "FM"]
[WhiteElo "2419"]
[BlackElo "2255"]
[WhiteFideId "26092131"]
[BlackFideId "14567563"]
[EventDate "2024.11.08"]

1. e4 c5 2. Nf3 d6 3. d4 cxd4 4. Nxd4 Nf6 5. Nc3 a6 6. Bd3 e5 7. Nde2 Be7 8. O-O
O-O 9. Ng3 Be6 10. Nd5 Nbd7 11. c4 Bxd5 12. cxd5 g6 13. Bh6 Re8 14. b4 Bf8 15.
Be3 h5 16. h3 Kh7 17. Qd2 Ng8 18. f4 Bh6 19. f5 Rf8 20. Rf3 Bxe3+ 21. Qxe3 Qb6
22. Qxb6 Nxb6 23. Rc1 Rac8 24. fxg6+ Kxg6 25. Rcf1 Rc3 26. Nf5 Nc8 27. Rg3+ Kh7
28. Rg7+ Kh8 29. Rg5 Nf6 30. Rf3 Rg8 31. Nh6 Rxg5 32. Nxf7+ Kg7 33. Nxg5 h4 34.
Ne6+ Kg6 35. g3 Nb6 36. gxh4 Nh5 37. Be2 Rc2 38. Rf2 Rc1+ 39. Kh2 Nf4 40. Nxf4+
exf4 41. Rxf4 Nd7 42. h5+ Kh6 43. Bg4 Ne5 44. Rf6+ Kg5 45. Rxd6 Kh4 46. Rg6 Rc2+
47. Kg1 Rb2 48. Kf1 Kg3 49. Rf6 Rb1+ 50. Ke2 Rxb4 51. Ke3 Nc4+ 52. Kd4 Nd2+ 53.
Kc3 Nxe4+ 54. Kxb4 Nxf6 55. d6 Nd5+ 56. Kb3 1-0

[Event "24th ch-EUR Indiv 2024"]
[Site "Petrovac MNE"]
[Date "2024.11.11"]
[Round "4.103"]
[White "Dotzer, Lukas"]
[Black "Safar, Sandro"]
[Result "1-0"]
[WhiteTitle "FM"]
[BlackTitle "CM"]
[WhiteElo "2418"]
[BlackElo "2242"]
[WhiteFideId "1666975"]
[BlackFideId "14536900"]
[EventDate "2024.11.08"]

1. e4 c5 2. Nf3 Nc6 3. d4 cxd4 4. Nxd4 g6 5. c4 Nf6 6. Nc3 d6 7. f3 Bg7 8. Be3
O-O 9. Be2 Nxd4 10. Bxd4 a5 11. h4 Nh5 12. Bxg7 Nxg7 13. Qd2 a4 14. h5 Qa5 15.
O-O-O Be6 16. hxg6 fxg6 17. a3 Rf7 18. f4 Rc8 19. f5 gxf5 20. Qh6 Kf8 21. Kb1
Qe5 22. Qxh7 Ke8 23. Nxa4 Rf8 24. Ka1 Ra8 25. c5 Kd8 26. Bb5 Ra5 27. cxd6 exd6
28. Qh4+ Qf6 29. Rxd6+ Ke7 30. Qxf6+ Kxf6 31. Rb6 f4 32. Nc5 Ke5 33. Rh7 Rd8 34.
Kb1 Kd4 35. Nxb7 Rxb5 36. Rxb5 Rd7 37. Nc5 Rc7 38. Rxg7 f3 39. Nxe6+ 1-0

[Event "24th ch-EUR Indiv 2024"]
[Site "Petrovac MNE"]
[Date "2024.11.11"]
[Round "4.104"]
[White "Dubnevych, Maksym"]
[Black "Sieciechowicz, Marcin"]
[Result "1/2-1/2"]
[WhiteTitle "FM"]
[BlackTitle "IM"]
[WhiteElo "2264"]
[BlackElo "2416"]
[WhiteFideId "14184001"]
[BlackFideId "1130170"]
[EventDate "2024.11.08"]

1. d4 Nf6 2. c4 g6 3. Nc3 d5 4. cxd5 Nxd5 5. e4 Nxc3 6. bxc3 Bg7 7. Nf3 c5 8.
Bb5+ Nd7 9. O-O O-O 10. Re1 a6 11. Bf1 b6 12. Rb1 Qc7 13. a4 Bb7 14. Qb3 e6 15.
d5 exd5 16. exd5 c4 17. Bxc4 Rac8 18. Re7 Bf6 19. d6 Qxc4 20. Qxc4 Rxc4 21. Rxd7
Bd5 22. Be3 Rxa4 23. Bd4 Kg7 24. Re1 b5 25. Bxf6+ Kxf6 26. Nd4 b4 27. cxb4 Rxb4
28. Rd1 Rfb8 29. h3 Rb1 30. Rxb1 Rxb1+ 31. Kh2 Rd1 32. Nc2 Be6 33. Rd8 h5 34.
Nb4 a5 35. Na6 a4 36. Nc5 a3 37. Ra8 a2 38. Nxe6 Kxe6 1/2-1/2

[Event "24th ch-EUR Indiv 2024"]
[Site "Petrovac MNE"]
[Date "2024.11.11"]
[Round "4.105"]
[White "Shohat, Yotam"]
[Black "Pycinski, Wladyslaw"]
[Result "1/2-1/2"]
[WhiteTitle "IM"]
[WhiteElo "2412"]
[BlackElo "2230"]
[WhiteFideId "2813955"]
[BlackFideId "21054509"]
[EventDate "2024.11.08"]

1. Nf3 Nf6 2. g3 c5 3. Bg2 Nc6 4. O-O d5 5. d3 e5 6. e4 dxe4 7. dxe4 Qxd1 8.
Rxd1 Bg4 9. c3 Nxe4 10. Re1 O-O-O 11. h3 Bh5 12. Na3 Nf6 13. Nc4 Nd7 14. Nfxe5
Ncxe5 15. Nxe5 Nxe5 16. Rxe5 Bg6 17. Be3 f6 18. Rd5 Rxd5 19. Bxd5 Bd6 20. a4 Re8
21. a5 Be4 22. Rd1 Kc7 23. c4 Bxd5 24. Rxd5 Kc6 25. Kg2 b6 26. axb6 axb6 27. Rd3
Ra8 28. Kf3 Ra4 29. b3 Ra7 30. g4 Rb7 31. Rd2 Ra7 32. h4 Ra1 33. h5 g6 34. Rd3
Rh1 35. hxg6 hxg6 36. Kg2 Rb1 37. Kf3 Rh1 1/2-1/2

[Event "24th ch-EUR Indiv 2024"]
[Site "Petrovac MNE"]
[Date "2024.11.11"]
[Round "4.106"]
[White "Prokofiev, Valentyn"]
[Black "Noy, Eyal"]
[Result "1-0"]
[WhiteTitle "FM"]
[BlackTitle "CM"]
[WhiteElo "2411"]
[BlackElo "2226"]
[WhiteFideId "14160161"]
[BlackFideId "2821117"]
[EventDate "2024.11.08"]

1. Nf3 Nf6 2. c4 e6 3. Nc3 d5 4. d4 Bb4 5. Qc2 O-O 6. e3 b6 7. Bd2 Bb7 8. cxd5
exd5 9. a3 Be7 10. b4 c5 11. bxc5 bxc5 12. dxc5 Bxc5 13. Na4 Bd6 14. Nd4 Nbd7
15. Be2 Ne4 16. Bb4 Qf6 17. O-O Rfc8 18. Qa2 Be5 19. Rad1 a5 20. Be1 Ndc5 21.
Nc3 Nxc3 22. Bxc3 Ne4 23. Ba1 Nc3 24. Bxc3 Rxc3 25. Qb2 Rc7 26. Qd2 Qe7 27. a4
g6 28. Bb5 Bd6 29. Rc1 Rac8 30. Rxc7 Qxc7 31. g3 Bb4 32. Qe2 Qd6 33. Rd1 h5 34.
Qa2 Qf6 35. h4 Qe5 36. Be2 Rc3 37. Bf3 Ra3 38. Qc2 Rc3 39. Qe2 Qe8 40. Nb5 Rc5
41. Nd6 Qd7 42. Nxb7 Qxb7 43. Qa2 Qc7 44. Bxd5 Rc3 45. Kg2 Kf8 46. Qe2 Rc1 47.
Rd4 Rc2 48. Qd1 Rc1 49. Qf3 Kg7 50. Rf4 f5 51. Rd4 Rc2 52. Qd1 Rc1 53. Qe2 Rc2
54. Qb5 Be1 55. Rf4 Rc5 56. Qb3 Bc3 57. Rf3 Be5 58. e4 Rc3 59. Rxc3 Qxc3 60.
Qb7+ Qc7 61. Qa8 fxe4 62. Qg8+ Kh6 63. Bxe4 Qg7 64. Qd8 Qf6 65. Qxa5 Bc3 66. Qb5
Be1 67. Qe2 Bc3 68. a5 Bd4 69. a6 Qb6 70. Qa2 Kg7 71. Qd5 Kh6 72. Qg5+ Kg7 73.
Qe7+ Kh6 74. Qf8+ Bg7 75. Qf4+ Kh7 76. Qg5 Qxa6 77. Qxh5+ Bh6 78. Qg4 Kg7 79.
Qd7+ Kh8 80. h5 Qf6 81. Bxg6 Qg7 82. Qe8+ Qf8 83. Qxf8+ Bxf8 84. f4 Bd6 85. Kf3
Kg7 86. g4 Bb4 87. g5 Bd2 88. Bc2 Bc1 89. h6+ Kf8 90. g6 Bb2 91. g7+ Bxg7 92.
hxg7+ Kf7 93. Bb3+ Kxg7 94. Kg4 Kg6 95. f5+ Kf6 96. Kf4 Kg7 97. Kg5 Kh8 98. Kf6
Kh7 99. Ke7 Kh6 100. f6 Kg6 101. f7 Kf5 102. f8=Q+ Ke4 103. Bc2+ Ke3 104. Qh6+
Kd4 105. Qd2+ Kc4 106. Qd3+ Kc5 107. Kd7 Kb6 108. Qd4+ Kb5 109. Bd3+ Ka5 110.
Qc5+ Ka4 111. Bc2# 1-0

[Event "24th ch-EUR Indiv 2024"]
[Site "Petrovac MNE"]
[Date "2024.11.11"]
[Round "4.108"]
[White "Kalavannan, Koby"]
[Black "Beydullayeva, Govhar"]
[Result "1-0"]
[WhiteTitle "FM"]
[BlackTitle "WGM"]
[WhiteElo "2225"]
[BlackElo "2403"]
[WhiteFideId "425753"]
[BlackFideId "13413015"]
[EventDate "2024.11.08"]

1. Nf3 d5 2. g3 Nf6 3. Bg2 c5 4. O-O e6 5. d4 cxd4 6. Nxd4 e5 7. Nb3 Be6 8. c4
Nc6 9. cxd5 Nxd5 10. Nc3 Ndb4 11. Bd2 Be7 12. a3 Na6 13. Nc1 O-O 14. b4 Nc7 15.
Nd3 Nd5 16. Ne4 b6 17. b5 Nd4 18. Nxe5 Nxb5 19. Nc6 Qd7 20. Nxe7+ Nxe7 21. Bb4
Rad8 22. Ng5 Rfe8 23. Qb1 Bf5 24. Qb3 Be6 25. Nxe6 Qxe6 26. Qxe6 fxe6 27. a4 Nd4
28. Ra2 Nd5 29. Be1 Rc8 30. e3 Nc6 31. Bd2 Ne5 32. Rc1 Rxc1+ 33. Bxc1 Rc8 34.
Bd2 Kf7 35. h3 Ke7 36. e4 Nc3 37. Ra3 Ne2+ 38. Kf1 Nd4 39. Rc3 Nc4 40. Ke1 Rc5
41. Bc1 Ke8 42. Bf1 Nd6 43. Rxc5 bxc5 44. Bd3 Kd7 45. Bb2 e5 46. Ba3 Kc6 47. Kd2
Nf3+ 48. Ke3 Ne1 49. Bb2 Nxd3 50. Kxd3 Nf7 51. f4 exf4 52. gxf4 g6 53. Bf6 Nd6
54. Be7 Nc8 55. Bd8 Nd6 56. Be7 Nc8 57. Bf8 Nb6 58. a5 Nd7 59. Be7 Kb5 60. e5
c4+ 61. Kc3 Nc5 62. Bxc5 Kxc5 63. a6 Kd5 64. Kb4 h6 65. h4 Kd4 66. e6 c3 67. Kb3
Kd3 68. e7 c2 69. e8=Q c1=Q 70. Qxg6+ Ke3 71. Qe6+ Kf3 72. f5 Qb1+ 73. Kc4 Qa2+
74. Kd4 Qa1+ 75. Kd5 Qa5+ 76. Kd4 Qa1+ 77. Kd3 Qa3+ 78. Kc2 Qc5+ 79. Kb2 Qd4+
80. Kb3 Qd1+ 81. Kb4 Qd2+ 82. Ka4 Qd4+ 83. Kb5 Qd3+ 84. Kc5 Qa3+ 85. Kd5 Qa5+
86. Kd6 Qxa6+ 87. Ke7 Qb7+ 88. Kf8 Qb8+ 89. Kg7 Qg3+ 90. Kh7 Qc7+ 91. Kg8 Qd8+
92. Kg7 Qc7+ 93. Qf7 Qe5+ 94. Qf6 Qc7+ 95. Kg6 a5 96. Qd4 Qc6+ 97. f6 a4 98. Kg7
a3 99. f7 Qc7 100. Kg8 Qg3+ 101. Qg7 1-0

[Event "24th ch-EUR Indiv 2024"]
[Site "Petrovac MNE"]
[Date "2024.11.11"]
[Round "4.109"]
[White "Neverov, Valeriy"]
[Black "Abdulkarimli, Eljan"]
[Result "1-0"]
[WhiteTitle "GM"]
[WhiteElo "2401"]
[BlackElo "2190"]
[WhiteFideId "14100150"]
[BlackFideId "13425439"]
[EventDate "2024.11.08"]

1. c4 c6 2. Nf3 Nf6 3. Nc3 d5 4. e3 e6 5. b3 Nbd7 6. Bb2 Bd6 7. d4 b6 8. Bd3 Bb7
9. O-O O-O 10. Qe2 Re8 11. Rad1 Qe7 12. Rfe1 dxc4 13. Bxc4 a6 14. Ng5 h6 15.
Nge4 Nxe4 16. Nxe4 Bxh2+ 17. Kxh2 Qh4+ 18. Kg1 Qxe4 19. f3 Qh4 20. e4 Nf6 21.
Qf2 Qxf2+ 22. Kxf2 a5 23. Rc1 Red8 24. Ke3 Ne8 25. g4 Nd6 26. a4 Rac8 27. Be2
Ne8 28. Rc2 Nc7 29. Rec1 Rd6 30. Rc4 Na6 31. Ba3 Rd7 32. R4c3 Nb4 33. Bxb4 axb4
34. Rc4 e5 35. Rxb4 exd4+ 36. Rxd4 Rxd4 37. Kxd4 Rd8+ 38. Kc3 Kf8 39. b4 Ra8 40.
Bd1 Ke7 41. Bb3 Ba6 42. Re1 Rd8 43. Re3 g6 44. f4 h5 45. gxh5 gxh5 46. Rg3 Rd7
47. a5 bxa5 48. bxa5 Be2 49. e5 Ra7 50. f5 Rxa5 51. f6+ Kf8 52. Rg7 Rxe5 53.
Rxf7+ Ke8 54. Ra7 Kf8 55. Rf7+ Ke8 56. Ra7 Kf8 57. Rh7 Re3+ 58. Kb2 Rxb3+ 59.
Kxb3 c5 60. Kc3 Kg8 61. Rg7+ Kf8 62. Kd2 Bg4 63. Ke3 c4 64. Kf4 Be6 65. Re7 Bf7
66. Rc7 Kg8 67. Rc8+ Kh7 68. Kg5 Be6 69. Rc7+ Kg8 70. Kxh5 1-0

[Event "24th ch-EUR Indiv 2024"]
[Site "Petrovac MNE"]
[Date "2024.11.11"]
[Round "4.110"]
[White "Domalchuk-Jonasson, Aleksandr"]
[Black "Sitbon, Itay"]
[Result "1-0"]
[WhiteTitle "IM"]
[WhiteElo "2399"]
[BlackElo "2170"]
[WhiteFideId "14142805"]
[BlackFideId "2820706"]
[EventDate "2024.11.08"]

1. c4 Nf6 2. Nc3 e6 3. e4 d5 4. e5 d4 5. exf6 dxc3 6. bxc3 gxf6 7. d4 c5 8. Nf3
cxd4 9. cxd4 Bb4+ 10. Bd2 Qa5 11. Bd3 Bxd2+ 12. Qxd2 Qxd2+ 13. Kxd2 Nc6 14. Rhe1
O-O 15. Re4 f5 16. Rh4 Ne7 17. Rh3 Ng6 18. Ne5 Kg7 19. Rg1 Rd8 20. Kc3 b5 21.
cxb5 Bb7 22. Nxf7 Rac8+ 23. Bc4 Rd7 24. Ng5 Bd5 25. Rxh7+ Kf6 26. Rxd7 Kxg5 27.
g3 Rxc4+ 28. Kd3 Ra4 29. h4+ Kf6 30. Rc1 Be4+ 31. Kc3 Bd5 32. Kd3 Be4+ 33. Kd2
Rxa2+ 34. Ke1 f4 35. Rcc7 Nh8 36. Rxa7 Rb2 37. Rd8 Nf7 38. Rf8 Bg6 39. g4 Rxb5
40. h5 Kg7 41. hxg6 Kxf8 42. Rxf7+ Kg8 43. Rxf4 Kg7 44. Re4 Rb6 45. Ke2 Kxg6 46.
Kf3 Rb1 47. Rxe6+ Kg5 48. Re5+ Kf6 49. Ra5 Rg1 50. Kf4 Rd1 51. g5+ Kg6 52. Ra6+
Kf7 53. Ke5 Re1+ 54. Kf5 Re7 55. Rf6+ Kg7 56. g6 Re2 57. Rf7+ Kg8 58. f4 Rd2 59.
Rd7 Rg2 60. Kf6 1-0